BSOP header

The Bible : (Record no. 30120)

MARC details
000 -LEADER
fixed length control field 00489nam a2200157 4500
008 - FIXED-LENGTH DATA ELEMENTS--GENERAL INFORMATION
fixed length control field 070910s1993 ch 000 0 chi
020 ## - INTERNATIONAL STANDARD BOOK NUMBER
International Standard Book Number 9575161572
090 ## - LOCALLY ASSIGNED LC-TYPE CALL NUMBER (OCLC); LOCAL CALL NUMBER (OCLC)
Classification number (OCLC) (R) ; Classification number, CALL (RLIN) (NR) BS475.2
Local cutter number (OCLC) ; Book number/undivided call number, CALL (RLIN) Zh6b
100 1# - MAIN ENTRY--PERSONAL NAME
Personal name Zhung, Tee
245 10 - TITLE STATEMENT
Title The Bible :
Remainder of title introduction to the book of books {ch}/
Statement of responsibility, etc Zhung Tee
260 ## - PUBLICATION, DISTRIBUTION, ETC. (IMPRINT)
Place of publication, distribution, etc Taipei :
Name of publisher, distributor, etc Shia Jaw Ren,
Date of publication, distribution, etc 1993
300 ## - PHYSICAL DESCRIPTION
Extent 242 p.
630 04 - SUBJECT ADDED ENTRY--UNIFORM TITLE
Uniform title Bible
General subdivision Introductions {ch}.
951 ## - EQUIVALENCE OR CROSS-REFERENCE-GEOGRAPHIC NAME/AREA NAME [OBSOLETE] [CAN/MARC only]
General subdivision 00035401
951 ## - EQUIVALENCE OR CROSS-REFERENCE-GEOGRAPHIC NAME/AREA NAME [OBSOLETE] [CAN/MARC only]
-- C-8657
-- CHBS475.2/Zh6b
-- 070910134121296
-- 2000-12-21
-- CH
Holdings
Withdrawn status Lost status Damaged status Not for loan Home library Current library Shelving location Date acquired Accession number Shelving control number Total Checkouts Full call number Barcode Date last seen Price effective from Koha item type
        BSOP Library BSOP Library Chinese Books (General Circulation) 12/21/2000 C-8657 127   CHBS475.2/Zh6b 00035401 02/23/2013 02/23/2013 Books
BSOP

Biblical Seminary of the Philippines
  All rights Reserved
  © 2024

CONTACT INFORMATION

Biblical Seminary of the Philippines,
  77-B Karuhatan Road, Valenzuela City,
  PHILIPPINES 1441
  Phone: +632 8292-6795 / 8292-6798
  Fax : +632 8292-6675
  Email: library@bsop.edu.ph